000 00469nam a22001577a 4500
999 _c2792
_d2792
008 191023b2003 ||||| |||| 00| 0 eng d
020 _a9788120322523
082 0 0 _223
_a621.815
_bS61735
100 1 _aSingh, Sadhu.
245 1 0 _aFundamentals of machine drawing /
_cby Sadhu Singh and P.L. Sah.
260 _aNew Delhi :
_bPHI Learning Pvt Ltd,
_cc2003.
300 _aix, 218 p. ;
_c24 cm.
650 0 _aMechanical drawing.
700 _aSah, P.L.
942 _cBK